Science Quiz

Random Science or Animal Quiz

Pick 3 Fish Quiz Stats

 Plays Quiz Updated May 15, 2021

Support Sporcle.
Go Orange.
Score 0/18 Timer 02:00
5 Plays Today
% Correct
Hammerhead
96%
Bluefin
91.3%
Yellowfin
90.9%
Flounder
84.5%
Giant Moray
83.6%
Basking
82.4%
Koi
78%
Sockeye
77.4%
Mako
73.9%
% Correct
Spotted Garden
73%
Sole
72.6%
Halibut
69.9%
Chinook
65.4%
Conger
65.3%
Skipjack
54.1%
Coho
44%
Crucian
40%
Mirror
33.1%

You're not logged in!

Compare scores with friends on all Sporcle quizzes.
OR
Log In

From the Vault

NBA 15K Points, One Franchise

by sknapp

It's hard to say, is this a quiz about players with loyalty or just ball hogging?
Remove Ads.
Support Sporcle.
Get the best of Sporcle when you Go Orange. This ad-free experience offers more features, more stats, and more fun while also helping to support Sporcle. Thank you for becoming a member.

Show Comments

Extras

Top Quizzes Today


Score Distribution

Your Account Isn't Verified!

In order to create a playlist on Sporcle, you need to verify the email address you used during registration. Go to your Sporcle Settings to finish the process.

Report this User

Report this user for behavior that violates our Community Guidelines.

Details: